1972 1950 1507 1810 1361 1655 1063 1234 1968 1652 1811 1088 1020 1133 1653 1265 1555 1400 1841 1484 1267 1888 1600 1604 1102 1460 1910 1725 1011 1483 1440 1288 1964 1057 1899 1005 1681 1497 1015 1848 1356 1031 1856 1195 1615 1532 1428 1049 1510 1195 1649 1575 1094 1610 1171 1228 1765 1794 1016 1489 1668 1686 1842 1487 1842 1760 1883 1820 1406 1086 1887 1105 1575 1273 1888 1222 1783 1652 1644 1976 1821 1976 1070 1681 1225 1054 1082 1765 1057 1249 1800 1501 1380 1207 1290 1509 1919 1815 1280 BCNSPRNW ULIB Ver.6.0+V

เปลี่ยนเป็นภาษาไทย

Change to English
 แสดงรายละเอียดบรรณานุกรม
  กลับหน้าหลัก

Brief Record : Get Marc (ISO 2709) : E-mail record : QR code < ปิดหน้าต่าง
LEADER : 00000nam 2200000uu 4500
001    13399111771
003     ULIB
008    110627s2552||||th 000 0 tha d
020    9786160600694
090    นว.^bต113จ 2552
100 0  ต่งนี
245 00 จอมกษัตริย์ เจ้าสำราญ ชุด โอรสสวรรค์ร้อยเล่ห์/^cต่งนี
250    พิมพ์ครั้งที่ 1
260    กรุงเทพฯ :^bแจ่มใส,^c2552
300    223 หน้า
945    ^p159^l0^i026963
995    ทศพร
999 ^a ใช้งานได้ทุกระบบ
รายการนี้ยังไม่มีแท็ก
คุณยังไม่ได้ล็อกอิน คุณสามารถมีกิจกรรมร่วมกับเว็บไซต์ได้ แต่ต้องล็อกอินก่อน ::
  ล็อกอิน

รายการสื่อสารสนเทศ

ลำดับที่ ประเภท เลขเรียก/บาร์โค้ด สถานที่ สถานะ
- ไม่พบข้อมูล -

BibComment


ยังไม่เคยถูกคอมเมนท์

คอมเมนท์ทรัพยากรรายการนี้
  คอมเมนท์: จอมกษัตริย์ เจ้าส..


 Copyright 2026. Bcnsprnw @Library